Normal view
MARC view
Entry Personal Name
001 - CONTROL NUMBER
- control field: 39465
003 - CONTROL NUMBER IDENTIFIER
- control field: ARRUPE
005 - DATE AND TIME OF LATEST TRANSACTION
- control field: 20180219160132.0
008 - FIXED-LENGTH DATA ELEMENTS
- fixed length control field: 180219|| aca||aabn | a|a d
040 ## - CATALOGING SOURCE
- Original cataloging agency: ARRUPE
- Transcribing agency: ARRUPE
100 ## - HEADING--PERSONAL NAME
- Personal name: Motlhabi, Mokgethi
670 ## - SOURCE DATA FOUND
- Source citation: Work cat.: (ARRUPE)8139: Motlhabi, Mokgethi, The theory and practice of Black resistance to apartheid:, 1984